Genitori elicottero (Record n. 359528)

Dettagli MARC
000 -LEADER
campo di controllo lung. fissa 01501nam a22002057a 4500
003 - Identificatore del numero di controllo
campo di controllo IT-MiCISF
005 - Data e orario dell'ultima transazione
campo di controllo 20221114154316.0
008 - Elementi di lunghezza fissa--Informazione generale
campo di controllo lung. fissa 221114b |||||||| |||| 00| 0 eng d
040 ## - Fonte della catalogazione
Agenzia che fa la trascrizione IT-MiCISF
041 ## - Codice di lingua
Codice di lingua del testo/traccia sonora o titolo separato italiano
100 ## - Accesso principale -- nome di persona
Nome di persona Greiner Lena, Padtberg Carola
9 (RLIN) 59245
245 ## - Formulazione del titolo
Titolo Genitori elicottero
Complemento del titolo Come stiamo rovinando i nostri figli
260 ## - Pubblicazione, distribuzione, ecc. (stampa)
Luogo di pubblicazione, distribuzione, ecc. Milano
Nome dell'editore, distributore, ecc. Feltrinelli
Data di pubblicazione, distribuzione, ecc. 2019
300 ## - Descrizione fisica
Estensione pp. 140
500 ## - Nota generale
Nota generale genitorialità, rapporti-genitori-figli, esperienze
520 ## - Riassunto, ecc.
Nota di riassunto, ecc. Dall'obbligo di far mangiare farro al figlio al rimprovero mosso al professore per il brutto voto: i genitori elicottero sorvolano la prole dai primi giorni di vita all'età adulta. Sono apprensivi, hanno progetti ambiziosi, spianano il terreno per il futuro dei figli, si sacrificano per loro senza se e senza ma e, purtroppo, sono onnipresenti. Educatori, insegnanti, medici, allenatori, persino ostetriche e professori universitari, insieme a numerosi genitori "normali" finalmente vuotano il sacco e raccontano le proprie esperienze con genitori superdeterminati, totalmente dediti ai figli dal corso di preparazione al parto fino alla ricerca del posto di lavoro. Il risultato finale è una satira realistica che in molti susciterà grandi risate, porterà altri a mettersi le mani nei capelli e stimolerà tutti a ragionare sugli eccessi dell'essere genitore, su cosa conta davvero per i figli e sui fraintesi dell'amore
650 ## - Accesso aggiunto di soggetto--termine topico
Termine topico o nome geografico come accesso genitorialità
9 (RLIN) 56044
654 ## - Accesso aggiunto di soggetto--termini topici faccettati
Termine principale saggio
942 ## - Dati aggiuntivi (Koha)
Fonte della classificazione o dello schema di collocazione (segnatura) Dewey Decimal Classification
Tipo copia default (Koha) LIBRO
Dati di copia
Ritirato (status) Perso (status) Fonte della classificazione o dello schema di collocazione (segnatura) Danneggiato (status) Non per il presito Biblioteca proprietaria Biblioteca in cui si trova Data d'acquisizione Totale prestiti Collocazione Codice a barre Data ultima operazione Prezzo in vigore dal Tipo copia default (Koha)
    Dewey Decimal Classification Buone Condizioni Not For Loan CISF - Milano CISF - Milano 14/11/2022   A2370 9788807091209 14/11/2022 14/11/2022 LIBRO
CREDITS: SOCIETA' SAN PAOLO Via A.Severo, 58 - ROMA (RM) & PERIODICI SAN PAOLO SRL Via Giotto, 36 MILANO & CISF Via Giotto, 36 MILANO & EDIZIONI SAN PAOLO SRL,  Piazza Soncino, 5 CINISELLO BALSAMO (MI) -- ITALY